[Event "Shropshire op"]
[Site "Telford"]
[Date "2018.01.06"]
[Round "2"]
[White "Sygnowski, Tomasz"]
[Black "Merry, Alan B"]
[Result "0-1"]
[WhiteElo "2151"]
[BlackElo "2418"]
[PlyCount "60"]
[EventDate "2018.01.05"]
[EventType "swiss"]
[EventRounds "5"]
[EventCountry "ENG"]
[SourceTitle "CBM 182 Extra"]
[Source "ChessBase"]
[SourceDate "2018.02.23"]
[SourceVersion "1"]
[SourceVersionDate "2018.02.23"]
[SourceQuality "1"]

1. e4 e6 2. d4 d5 3. e5 c5 4. Nf3 cxd4 5. Bd3 Nd7 6. 0-0 Ne7 7. Re1 Nc6 8. Nbd2 Bb4 9. a3 Ba5 10. b4 Bc7 11. Bb2 Ndxe5 12. Bf1 0-0 13. b5 Nxf3+ 14. Nxf3 Ne7 15. Qxd4 f6 16. Rad1 e5 17. Qa4 Be6 18. c4 Qe8 19. Qc2 Rc8 20. cxd5 Nxd5 21. Qe4 Qf7 22. Nd4 f5 23. Nxf5 Qxf5 24. Qxf5 Rxf5 25. Bd3 Rf6 26. Bxe5 Bxe5 27. Rxe5 Nf4 28. Bb1 Bf7 29. Re7 Rd6 30. Rde1 Re6 0-1

[Event "West Bromwich Midland op-A"]
[Site "West Bromwich"]
[Date "2017.08.12"]
[Round "2"]
[White "Hebden, Mark"]
[Black "Sygnowski, Tomasz"]
[Result "1-0"]
[WhiteElo "2477"]
[BlackElo "2143"]
[PlyCount "53"]
[EventDate "2017.08.11"]
[EventType "swiss"]
[EventRounds "5"]
[EventCountry "ENG"]
[SourceTitle "CBM 180 Extra"]
[Source "ChessBase"]
[SourceDate "2017.10.06"]
[SourceVersion "1"]
[SourceVersionDate "2017.10.06"]
[SourceQuality "1"]

1. d4 Nf6 2. Nf3 d5 3. c4 e6 4. Bg5 Be7 5. Nc3 0-0 6. Rc1 b6 7. e3 Bb7 8. cxd5 Nxd5 9. Nxd5 Bxd5 10. Bxe7 Qxe7 11. Bd3 c5 12. dxc5 Nd7 13. cxb6 axb6 14. a3 Nc5 15. Bb5 Rfd8 16. Qe2 Ra5 17. 0-0 Bxf3 18. gxf3 Rd5 19. f4 g5 20. Bc4 Rf5 21. b4 Rxa3 22. bxc5 gxf4 23. cxb6 Qd8 24. Qb2 Ra8 25. Kh1 Rb8 26. Rg1+ Kf8 27. Qb4+ 1-0

[Event "West Bromwich Midland op-A"]
[Site "West Bromwich"]
[Date "2017.08.12"]
[Round "3"]
[White "Sygnowski, Tomasz"]
[Black "Taylor, Robert Keith"]
[Result "1-0"]
[WhiteElo "2143"]
[BlackElo "1976"]
[PlyCount "77"]
[EventDate "2017.08.11"]
[EventType "swiss"]
[EventRounds "5"]
[EventCountry "ENG"]
[SourceTitle "CBM 180 Extra"]
[Source "ChessBase"]
[SourceDate "2017.10.06"]
[SourceVersion "1"]
[SourceVersionDate "2017.10.06"]
[SourceQuality "1"]

1. e4 c5 2. Nf3 d6 3. d4 Nf6 4. Nc3 cxd4 5. Nxd4 a6 6. g3 Nbd7 7. Bg2 e6 8. g4 h6 9. f4 e5 10. Nf5 Nb6 11. g5 hxg5 12. fxg5 g6 13. Ne3 Nh5 14. Ned5 Be6 15. 0-0 Nxd5 16. Nxd5 Bxd5 17. Qxd5 Qb6+ 18. Rf2 Rh7 19. a4 Rc8 20. a5 Qd4 21. Qb3 Qd1+ 22. Rf1 Qxc2 23. Qxb7 Qc5+ 24. Rf2 Nf4 25. Qxa6 Nxg2 26. b4 Rc6 27. Qb7 Qxf2+ 28. Kxf2 Rc2+ 29. Kg1 Ne1 30. Qb5+ Ke7 31. Qf1 Rcxh2 32. Qxe1 Rh1+ 33. Kf2 R7h2+ 34. Kg3 Rxe1 35. Kxh2 Rxe4 36. a6 Bg7 37. a7 Rh4+ 38. Kg2 Rh8 39. a8Q 1-0

[Event "BCF-chT3Sa 1516 (4NCL)"]
[Site "England"]
[Date "2016.03.19"]
[Round "7.67"]
[White "Ivekovic, Tihana"]
[Black "Sygnowski, Tomasz"]
[Result "1-0"]
[WhiteElo "2120"]
[BlackElo "2275"]
[PlyCount "147"]
[EventDate "2015.11.14"]
[EventType "team-swiss"]
[EventRounds "7"]
[EventCountry "ENG"]
[SourceTitle "EXT 2017"]
[Source "ChessBase"]
[SourceDate "2016.10.25"]
[SourceVersion "1"]
[SourceVersionDate "2016.10.25"]
[SourceQuality "1"]
[WhiteTeam "West is Best"]
[BlackTeam "Midland Monarchs"]
[WhiteTeamCountry "ENG"]
[BlackTeamCountry "ENG"]

1. d4 Nf6 2. c4 g6 3. Nc3 Bg7 4. e4 d6 5. Nf3 0-0 6. Be2 Bg4 7. Be3 Nbd7 8. 0-0 Re8 9. Nd2 Bxe2 10. Qxe2 c5 11. d5 a6 12. h3 e6 13. a4 Qa5 14. Bf4 Qc7 15. a5 Rac8 16. Ra4 Rb8 17. Nf3 exd5 18. cxd5 Nh5 19. Be3 Ne5 20. Nd2 Qc8 21. Nc4 Nxc4 22. Rxc4 b5 23. axb6 Rxb6 24. Na4 Rb3 25. Qc2 Qb8 26. Ra1 Nf6 27. Bf4 Rb7 28. Rb1 Nh5 29. Bh2 Be5 30. Bxe5 Rxe5 31. Nc3 Nf6 32. Ra4 Rb4 33. f3 Qb6 34. Kh2 Nh5 35. Rxb4 cxb4 36. Nd1 f5 37. Rc1 Nf6 38. exf5 Qd4 39. fxg6 Re1 40. gxh7+ Kh8 41. Qf5 Qe5+ 42. Qxe5 Rxe5 43. Rc6 Rxd5 44. Ne3 Rd3 45. Nf5 a5 46. Nxd6 Nd5 47. Ne4 Kxh7 48. Ra6 Rb3 49. Rxa5 Ne3 50. Ra2 Nc4 51. Nc5 Rxb2 52. Rxb2 Nxb2 53. Kg3 Nc4 54. Nb3 Kg6 55. Kf4 Kh5 56. g4+ Kh4 57. g5 Kh5 58. Kf5 Ne3+ 59. Kf6 Nd5+ 60. Ke5 Ne7 61. f4 Ng6+ 62. Ke4 Ne7 63. Nd4 Ng6 64. f5 Nf8 65. Kf4 Nd7 66. Nb3 Nb6 67. f6 Kg6 68. h4 Nd7 69. Ke4 Nf8 70. Ke5 Nd7+ 71. Ke6 Nf8+ 72. Ke7 Nh7 73. f7 Kg7 74. h5 1-0

[Event "Blackpool op 40th"]
[Site "Blackpool"]
[Date "2016.03.12"]
[Round "2"]
[White "Sygnowski, Tomasz"]
[Black "Allen, Keith"]
[Result "0-1"]
[WhiteElo "2115"]
[BlackElo "2234"]
[PlyCount "70"]
[EventDate "2016.03.11"]
[EventType "swiss"]
[EventRounds "5"]
[EventCountry "ENG"]
[SourceTitle "CBM 171 Extra"]
[Source "ChessBase"]
[SourceDate "2016.04.26"]
[SourceVersion "1"]
[SourceVersionDate "2016.04.26"]
[SourceQuality "1"]

1. e4 e5 2. f4 exf4 3. Bc4 Qh4+ 4. Kf1 d6 5. Nc3 c6 6. d4 Be6 7. d5 Bg4 8. Nf3 Qf6 9. dxc6 bxc6 10. Ne2 g5 11. Bd2 Nd7 12. Bc3 Ne5 13. Ba6 Rb8 14. Qd4 Bxf3 15. gxf3 Rb6 16. Qa4 Ne7 17. Bd3 Bg7 18. Qxa7 Nc8 19. Qc7 0-0 20. a4 Qe6 21. h4 Nxf3 22. a5 Rxb2 23. Bxb2 Bxb2 24. Kf2 Bxa1 25. Kxf3 g4+ 26. Kf2 Be5 27. Qxc6 Ne7 28. Qc4 Qf6 29. h5 f3 30. Ng3 Bd4+ 31. Ke1 Rb8 32. c3 Bxc3+ 33. Kd1 Bxa5 34. Qa2 Qc3 35. Bc2 Qd2# 0-1